Pokémons Singes - Statistiques

Statistiques générales
  • Ce quiz a été pris 66 fois
    56 depuis la dernière actualisation
  • Le résultat moyen est 16 sur 26
Statistiques - réponses
Hint Réponse % Correct
Gen 1 Colossinge
96%
Gen 1 Férosinge
94%
Gen 4 Simiabraz
92%
Gen 4 Ouisticram
90%
Gen 4 Chimpenfeu
85%
Gen 8 Ouistempo
77%
Gen 8 Gorythmic
75%
Gen 4 Capidextre
73%
Gen 2 Capumain
73%
Gen 5 Feuillajou
73%
Gen 5 Flamajou
73%
Gen 5 Flotajou
73%
Gen 8 Badabouin
71%
Gen 5 Flamoutan
69%
Gen 5 Flotoutan
69%
Gen 9 Courrousinge
67%
Gen 5 Feuiloutan
67%
Gen 7 Quartermac
67%
Gen 7 Gouroutan
63%
Gen 8 Zarude
48%
Gen 3 Monaflémit
44%
Gen 9 Fortusimia
25%
Gen 5 Darumacho
23%
Gen 8 Darumacho
23%
Gen 9 Tag-Tag
21%
Gen 3 Méditikka
13%
Aucun quiz correspondant
Distribution des résultats
% des personnes avec chaque résultat
Percentile par nombre de réponses
Votre historique - résultats
Vous n’avez pas pris ce quiz depuis la dernière actualisation